| 000 | 01403cam a2200301 i 4500 | ||
|---|---|---|---|
| 003 | SA-RiAUC | ||
| 005 | 20250326144408.0 | ||
| 008 | 250326s1998 su g 000 0dara c | ||
| 040 |
_aJO-MaAABU _bara _cSA-RiAUC _erda |
||
| 050 | 0 | 4 | _bK36 1998 |
| 082 | 0 | 4 | _a240 |
| 090 |
_a240 ك ن د _b240 ك ن د |
||
| 100 | 1 |
_aكندو، محمد إسحاق _eمؤلف. |
|
| 245 | 1 | 0 |
_aمنهج الحافظ ابن حجر العسقلاني في العقيدة من خلال كتابه فتح الباري : _bرسالة علمية / _cمحمد إسحاق كندو. |
| 264 | 1 |
_aالرياض : _bمكتبة الرشيد، _c1998 |
|
| 300 |
_a3 مجلد؛ _c24 سم. |
||
| 336 |
_aنص _btxt _2rdacontent _3كتاب |
||
| 337 |
_aبدون وسيط _bn _2rdamedia |
||
| 338 |
_aمجلد _bnc _2rdacarrier |
||
| 600 | 1 | 7 |
_aابن حجر العسقلاني، أحمد بن علي بن محمد، _d773-852 هجري _2aucnm |
| 650 | 0 | 7 |
_aعلم الكلام _2aucsh |
| 700 | 1 | 2 |
_aابن حجر العسقلاني، أحمد بن علي بن محمد، _d773-852 هجري. _tفتح الباري بشرح صحيح البخاري. |
| 700 | 1 | 2 |
_aالبخاري، محمد بن إسماعيل بن إبراهيم، _d194-256 هجري |
| 740 | 0 | 2 | _aفتح الباري بشرح صحيح البخاري. |
| 740 | 0 | 2 | _aصحيح البخاري. |
| 942 |
_2ddc _cBOOK _n0 |
||
| 949 |
_aSA-JeALM _d250326 _ueid123 _n1 |
||
| 999 |
_c6670 _d6670 |
||